William and Mary law review

Detalles Bibliográficos
Autor Corporativo: Marshall-Wythe School of Law
Formato: Seriadas
Lenguaje:inglés
Publicado: [Williamsburg, VA. : s.n.], 1957-
Materias:
Acceso en línea:Acceso restringido

MARC

LEADER 00000nas a2200000 a 4500
005 20111212104317.0
007 cr |||||||||||
008 050504c19579999xxu|||||s ||| 0 ||eng|c
022 |a 0043-5589 (versi ̤paper) 
035 |a 5427 
040 |d vLex 
090 |c 2814  |d 2814 
245 0 0 |a William and Mary law review  |h [Recurso electrn̤ico] 
246 3 |a William & Mary law review 
256 |a Servicio en ln̕ea. 
260 |a [Williamsburg, VA. :  |b s.n.],  |c 1957- 
300 |a 1 recurso electrn̤ico 
310 |a Anual, 1957-1965 
321 |a 4 nm︢s. l'any, 1984- 
500 |a Descripcin̤ realizada a partir del: Vol. 1 (1957)- 
506 1 |a Contenido solo disponible en los productos indicados  |d vLex Global   |d vLex Global (Academic Edition, excluding Law Schools)   |d vLex Global (Academic Edition, Law Schools)  
650 0 4 |a Derecho  |z Estados Unidos de Amřica  |x Revistas 
650 0 4 |a Derecho  |z Estados Unidos de Amřica  |x Revistas 
710 2 |a Marshall-Wythe School of Law 
740 0 |a vLex Revistas (Servicio en ln̕ea) 
856 4 0 |z Acceso restringido  |u http://vlex.com/source/william-mary-law-review-5427 
942 |c REV 
999 0 |a Administrative law